000 00590nam a2200217Ia 4500
005 20250923150116.0
008 008 250917s9999 xx 000 0 eng d
037 _aTextual
040 _aDSWL
_beng
_cDSWL
041 _aeng
_2eng
084 _qDSWL
100 _aGadgil, M
_9842330
245 0 _aEcology and equity : Use and abuse of nature in contemporary India
_c by M Gadgil
260 _aNew Delhi
_b Penguin Publication
_c1995
300 _a213p.
365 _aINR
_b200
700 _a R GUHA
_9842331
925 _g200
942 _cTEXL
999 _c1459646
_d1459646